NPCR 1 Lesson 4 Vocabulary M-C - Statistics

General Stats
  • This quiz has been taken 13 times
  • The average score is 13 of 22
Answer Stats
Meaning Character % Correct
student 学生
100%
Great Britain; England 英国
100%
happy; pleased 高兴
75%
please
75%
to ask
75%
Mr. 先生
75%
language 语言
75%
Chinese (language) 汉语
75%
to enter
50%
to come
50%
to come in 进来
50%
reporter 记者
50%
May I ask...? 请问
50%
one's surname is; surname
50%
what's your honorable surname? 贵姓
50%
to be called
50%
institute 学院
50%
what 什么
50%
to learn; to study 学习
50%
to know (somebody) 认识
25%
may 可以
25%
of
25%
No matching quizzes found
Score Distribution
Percent of People with Each Score
Percentile by Number Answered
Your Score History
You have not taken this quiz